Vista normal
Vista MARC
Entrada Personal Name
Número de registros utilizados en: 1
001 - CONTROL NUMBER
- control field: 7145
003 - CONTROL NUMBER IDENTIFIER
- control field: OSt
005 - DATE AND TIME OF LATEST TRANSACTION
- control field: 20200713200823.0
008 - FIXED-LENGTH DATA ELEMENTS
- fixed length control field: 200713|| aca||aabn | a|a d
040 ## - CATALOGING SOURCE
- Original cataloging agency: OSt
- Transcribing agency: OSt
100 ## - HEADING--PERSONAL NAME
- Personal name: Grandes, Almudena
670 ## - SOURCE DATA FOUND
- Source citation: Work cat.: (OSt)4512: Grandes, Almudena, autora, Las tres bodas de Manolita : el cura de Porlier, el patronato de redención de penas y el nacimiento de la resistencia clandestina contra el franquismo, Madrid / , 2014